Partidos políticos en el Congreso de los Diputados - Estadísticas

Estadísticas generales
  • Esta prueba ha sido intentada 62 veces
    5 desde el último reinicio
  • La puntuación promedio es 18 de 19
Estadísticas de respuestas
Número de diputados Ámbito Partido % Correcto
1 Autonómico Coalición Canaria
100%
7 Autonómico Esquerra Republicana de Catalunya
100%
6 Autonómico Euskal Herria Bildu
100%
1 Autonómico Iniciativa del Poble Valencià
100%
7 Autonómico Junts per Catalunya
100%
1 Autonómico Més-Compromís
100%
11 Nacional Movimiento Sumar
100%
5 Autonómico Partido Nacionalista Vasco-Euzko Alderdi Jetzalea
100%
137 Nacional Partido Popular
100%
102 Nacional Partido Socialista Obrero Español
100%
19 Autonómico Partit dels Socialistes de Catalunya
100%
4 Nacional Podemos
100%
1 Autonómico Unión del Pueblo Navarro
100%
33 Nacional Vox
100%
1 Autonómico Bloque Nacionalista Galego
80%
7 Autonómico Catalunya en Comú
80%
4 Nacional Izquierda Unida
80%
2 Autonómico Más Madrid
80%
1 Autonómico Més per Mallorca
40%
No se encontraron pruebas coincidentes
Distribución de puntuación
Porcentaje de gente con cada puntuación
Porcentaje por número respondido
Historial de tus puntuaciones
No has intentado esta prueba desde el último reinicio